| 000 | 00829nam a22002057a 4500 | ||
|---|---|---|---|
| 999 |
_c61638 _d61638 |
||
| 005 | 20240404120553.0 | ||
| 008 | 240404s2003 enk||||| |||| 00| 0 eng d | ||
| 020 | _a9781416029137 | ||
| 041 | _aeng | ||
| 080 | _a61 A-76 | ||
| 100 |
_aArnold, Elizabeth C. _921705 |
||
| 245 |
_aInterpersonal Relationships: _bProfessional Communication Skills for Nurses / _c Elizabeth C. Arnold, Kathleen Underman. |
||
| 250 | _a5th edition | ||
| 264 |
_aMissouri: _bElsevier, _c2003. |
||
| 300 |
_a555 p.: _bill.; _c23 cm. |
||
| 653 | _aინტერპერსონალური ურთიერთობები | ||
| 653 | _aექთნების პროფესიული კომუნიკაციის უნარები | ||
| 700 |
_aBoggs, Kathleen Underman _eავტორი _921706 |
||
| 942 |
_2udc _cBK |
||